Pathologie del'imagination et de l'emotivitè / (Record no. 58076)

MARC details
000 -LEADER
campo de control de longitud fija 00635nam a2200181 i 4500
001 - NÚMERO DE CONTROL
campo de control 58076
003 - IDENTIFICADOR DE NÚMERO DE CONTROL
campo de control ES-MaACL
005 - FECHA Y HORA DE LA ÚLTIMA TRANSACCIÓN
campo de control 20230906163723.0
007 - CAMPO FIJO DE DESCRIPCIÓN FÍSICA--INFORMACIÓN GENERAL
campo de control de longitud fija t|
008 - DATOS DE LONGITUD FIJA--INFORMACIÓN GENERAL
campo de control de longitud fija 031020s1925 fr ||||1| fre d
100 1# - ENTRADA PRINCIPAL--NOMBRE DE PERSONA
Nombre de persona Dupré, Ernest.
9 (RLIN) 46118
245 10 - MENCIÓN DEL TÍTULO
Título Pathologie del'imagination et de l'emotivitè /
Mención de responsabilidad, etc. Ernest Duprè ; preface de M. Paul Bourget ; suivie d'une notice biograrphique par Achalme.
260 ## - PUBLICACIÓN, DISTRIBUCIÓN, ETC.
Lugar de publicación, distribución, etc. París :
Nombre del editor, distribuidor, etc. [s.n.,
Fecha de publicación, distribución, etc. 1925] (
Fabricante Soc. Anon. Imprimerie de Mavarre)
300 ## - DESCRIPCIÓN FÍSICA
Extensión XXII, 501 p. ;
Dimensiones 23 cm.
700 1# - ENTRADA AGREGADA--NOMBRE PERSONAL
Nombre de persona Bourget, Paul (
Fechas asociadas al nombre 1852-1935)
9 (RLIN) 30991
700 1# - ENTRADA AGREGADA--NOMBRE PERSONAL
Nombre de persona Achalme, P.
9 (RLIN) 18261
852 ## - LOCALIZACIÓN
Ubicación ES-MaACL
Número de control de estantería B-3476
Sublocalización o colección R.5163
Holdings
Estatus retirado Estado de pérdida Estado de daño No para préstamo Biblioteca de origen Biblioteca actual Ubicación en estantería Fecha de adquisición Fuente de adquisición Total de préstamos Signatura topográfica completa Código de barras Visto por última vez Precio de reemplazo Tipo de ítem Koha
        Biblioteca del Ateneo de Madrid Biblioteca del Ateneo de Madrid Sala Pardo Bazán 17/01/2008     B-3476 1060948 23/02/2023 23/02/2023 Libro impreso